000 00376nam a2200145Ia 4500
008 231129s2000||||xx |||||||||||||| ||spa||
020 _a958-9498-43-3
040 _bspa
082 _a(i) 900.7 G934h
100 _aGuerrero Villagran Manuel
245 0 _aHorizontes sociales
260 _c2000
264 _aPearson
942 _2ddc
_cBKS
999 _c15469
_d15469